000 00706nam a2200217 i 4500
001 bg
245 0 0 _aSłownik języka polskiego PWN.
_nT. 1,
_pA-K /
_cred. nauk. Mieczysław Szymczak ; red. tomu Hipolit Szkiłądź [et al.] ; oprac. haseł Halina Ambroziak [et al.].
260 _aWarszawa :
_bWydaw. Naukowe PWN,
_c1995.
300 _a1033 s. ;
_c25 cm.
650 9 _aSłownik polski
700 1 _aSZYMCZAK, Mieczysław.
_eRed.
700 1 _aSZKIŁĄDŹ, Hipolit.
_eRed.
700 1 _aAMBROZIAK-WIĘCKOWSKA, Halina.
_eOprac.
020 _a8301118350
040 _cBPK
041 0 _apl
080 _a808.4-3
920 _a83-01-11835-0
942 _cKS
008 s pl f |000 0 pol
999 _c30954
_d30954
856 _uhttp://koha.tu.koszalin.pl/cgi-bin/koha/opac-detail.pl?biblionumber=30954
_yKatalog online BPK